O novo catecismo (Record no. 42840)

MARC details
000 -Etiqueta do registo
Valores 00546cam a2200193 4500
100 ## - Dados gerais de processamento
Dados gerais 19920903d1969 k y0pory5003 ba
101 1# - Língua de publicação
Língua por
102 ## - País de publicação
País BR
200 1# - Titulo e menção de responsabilidade
Título próprio O novo catecismo
Informação de outro título a fé para adultos
Primeira menção de responsabilidade red. Instituto Catequético Superior de Nijmegen
210 ## - Publicação
Local de publicação Säo Paulo
Nome do editor Herder,
Data de publicação 1969
215 ## - Descrição física 
Paginação / Volumes XXI, 611 p.
Dimensões 21 cm
300 ## - Notas gerais 
Texto da nota Com anota—cões manuscritas
675 ## - CDU
Notação 27-28
675 ## - CDU
Notação 238
Edição BN
Língua por
712 02 - Autor entidade secundário
Nome da entidade Instituto Catequético Superior de Nijmejen
801 #0 - Fonte de origem
País PT
Agência BN
Regras de catalogação RPC
990 ## - Elementos KOHA
Tipo de documento Livro
Holdings
Aquisição Empréstimo Código de barras Cota Permissão de empréstimo Tipo de documento Nota relativa ao exemplar
Biblioteca Municipal de Redondo Biblioteca Municipal de Redondo 049726 27-28 INS   Livro depósito

Powered by Koha